000 01004nabaa22002297a 4500
999 _c6155
_d6155
003 OSt
005 20260123195233.0
008 190701b xxu||||| |||| 00| 0 spa d
040 _cPJ
100 _96905
_aDalla Lasta, Guillermo Rafael
245 1 3 _aEl derecho administrativo en la e-administración /
_cRafael Dalla Lasta.
300 _ap. 90-98
500 _aCita: TR LALEY AR/DOC/3184/2023
505 _aSumario: I. Introducción.— II. Principios de la administración electrónica (e-administración).— III. TIC y Administración pública.— IV. Conclusiones.
505 _t¿Te interesa el texto completo? Comunicate al correo: koha@justierradelfuego.gov.ar
650 0 _9211
_aDERECHO ADMINISTRATIVO
650 0 _96081
_aCIENCIA Y TECNOLOGÍA
650 0 _9877
_aADMINISTRACION PUBLICA
650 0 _93637
_aTUTELA JUDICIAL EFECTIVA
773 0 _02842
_93251
_dBuenos Aires : AbeledoPerrot, 2012-
_oDA121
_tDerecho administrativo. Nº 151 enero/febrero 2024
_z18510590
942 _2udc
_cANA